000 00669nam a2200181 i 4500
001 71053
003 ES-MaACL
005 20230906171014.0
007 t|
008 040805s1926 sp ||||1| spa d
100 1 _aGaspar y Arnal, Teófilo.
_955888
245 1 0 _aEstudio de ferrocianuros dobles, complejos y asociado de los iones /
_cpor Teófilo Gaspar y Arnal y Alberto Castro-Girona y Pozurama.
260 _a[S.l. :
_bs.n.,
_c1926]
300 _a7 h. ;
_c22 cm.
500 _aEs tirada aparte de: Anales de la Sociedad Española de Física y Química, t. XXIV, p. 323-335.
700 1 _aCastro-Girona y Pozurama, Alberto.
_936927
852 _aES-MaACL
_j1704-F-22
999 _c71053
_d71053